[Event "Regency Masters 6th"]
[Site "Ramsgate"]
[Date "1984.12.09"]
[Round "2"]
[White "Bosboom, Manuel"]
[Black "Josephs, Ian"]
[Result "1-0"]
[WhiteElo "2380"]
[BlackElo "1800"]
[PlyCount "89"]
[EventDate "1984.12.08"]
[EventType "swiss"]
[EventRounds "9"]
[EventCountry "ENG"]
[SourceTitle "BritBase"]
[Source "John Saunders"]
[SourceDate "2020.09.07"]
[SourceVersion "1"]
[SourceVersionDate "2020.09.07"]
[SourceQuality "2"]

1. e4 d5 2. exd5 Nf6 3. c4 c6 4. d4 cxd5 5. Nc3 dxc4 6. Bxc4 e6 7. Nf3 Be7 8.
O-O O-O 9. Re1 Nc6 10. a3 a6 11. Be3 b5 12. Bd3 Bb7 13. Qe2 Ng4 14. Rad1 Nxe3
15. Qxe3 Bf6 16. d5 exd5 17. Nxd5 g6 18. Nxf6+ Qxf6 19. Qb6 Rab8 20. Be4 Kg7
21. Rd7 Bc8 22. Qxc6 Bxd7 23. Qxd7 Qxb2 24. Bd5 Rbd8 25. Qb7 Qxa3 26. Ng5 Rb8
27. Qc7 Rbc8 28. Qf4 Qc3 29. Rd1 Qc2 30. Qd4+ Kg8 31. Ne4 Rfd8 32. Nf6+ Kf8 33.
Nxh7+ Kg8 34. Nf6+ Kf8 35. Nh7+ Kg8 36. Nf6+ Kf8 37. h4 Qc3 38. Qf4 Kg7 39. Ne4
Qb2 40. Qxf7+ Kh6 41. Nf6 Rh8 42. Be4 Qxf6 43. Qxf6 Rhg8 44. Qg5+ Kh7 45. Rd7+
1-0

[Event "Regency Masters 6th"]
[Site "Ramsgate"]
[Date "1984.12.09"]
[Round "2"]
[White "Carlier, Bruno"]
[Black "Ady, Jonathan James"]
[Result "1-0"]
[WhiteElo "2230"]
[BlackElo "2290"]
[PlyCount "49"]
[EventDate "1984.12.08"]
[EventType "swiss"]
[EventRounds "9"]
[EventCountry "ENG"]
[SourceTitle "BritBase"]
[Source "John Saunders"]
[SourceDate "2020.09.07"]
[SourceVersion "1"]
[SourceVersionDate "2020.09.07"]
[SourceQuality "2"]

1. e4 Nf6 2. d3 e5 3. Nf3 Nc6 4. g3 Bc5 5. Bg2 d6 6. O-O Bg4 7. h3 Be6 8. c3
Bb6 9. d4 exd4 10. Nxd4 Nxd4 11. cxd4 d5 12. e5 Ne4 13. Kh2 h5 14. f3 h4 15. g4
Ng3 16. Re1 f5 17. exf6 Qxf6 18. Nc3 c6 19. Be3 O-O 20. Qd2 Bd7 21. Bg5 Qd6 22.
Re5 c5 23. Be7 Qb8 24. Nxd5 cxd4 25. f4 1-0

[Event "Regency Masters 6th"]
[Site "Ramsgate"]
[Date "1984.12.09"]
[Round "2"]
[White "Crawley, Gavin"]
[Black "Littlewood, Paul E"]
[Result "1/2-1/2"]
[WhiteElo "2300"]
[BlackElo "2435"]
[PlyCount "61"]
[EventDate "1984.12.08"]
[EventType "swiss"]
[EventRounds "9"]
[EventCountry "ENG"]
[SourceTitle "BritBase"]
[Source "John Saunders"]
[SourceDate "2020.09.07"]
[SourceVersion "1"]
[SourceVersionDate "2020.09.07"]
[SourceQuality "2"]

1. d4 Nf6 2. c4 e6 3. Nc3 Bb4 4. Qc2 c5 5. dxc5 Nc6 6. Nf3 O-O 7. Bg5 h6 8. Bh4
Bxc5 9. e3 Be7 10. Be2 d6 11. O-O a6 12. Rfd1 Qc7 13. Ne4 Nxe4 14. Qxe4 Bxh4
15. Qxh4 e5 16. g4 e4 17. Nd4 Ne5 18. Nf5 Nd3 19. Bxd3 exd3 20. Rxd3 Qxc4 21.
Rd4 Qc2 22. Ne7+ Kh7 23. g5 Be6 24. Rxd6 Rae8 25. g6+ Kh8 26. gxf7 Bxf7 27.
Rad1 Bh5 28. Rf1 Kh7 29. Qxh5 Rxe7 30. Qd1 Qxb2 31. Qb1+ 1/2-1/2

[Event "Regency Masters 6th"]
[Site "Ramsgate"]
[Date "1984.12.09"]
[Round "2"]
[White "Cuijpers, Frans Andre"]
[Black "King, Daniel J"]
[Result "1/2-1/2"]
[WhiteElo "2365"]
[BlackElo "2435"]
[PlyCount "55"]
[EventDate "1984.12.08"]
[EventType "swiss"]
[EventRounds "9"]
[EventCountry "ENG"]
[SourceTitle "BritBase"]
[Source "John Saunders"]
[SourceDate "2020.09.07"]
[SourceVersion "1"]
[SourceVersionDate "2020.09.07"]
[SourceQuality "2"]

1. e4 c5 2. Nf3 d6 3. d4 cxd4 4. Nxd4 Nf6 5. Nc3 a6 6. Be3 e5 7. Nb3 Be6 8. Nd5
Nbd7 9. f3 Bxd5 10. exd5 Be7 11. Qd2 O-O 12. Be2 Rc8 13. Na5 Rxc2 14. Qxc2
Qxa5+ 15. Qd2 Qxd5 16. Qxd5 Nxd5 17. Bd2 Bd8 18. Bc4 N7f6 19. Ke2 Bb6 20. Rhd1
Bd4 21. Rab1 Re8 22. Bxd5 Nxd5 23. Bc3 Nf4+ 24. Kf1 Ne6 25. Bxd4 Nxd4 26. Rbc1
Kf8 27. Kf2 f5 28. f4 1/2-1/2

[Event "Regency Masters 6th"]
[Site "Ramsgate"]
[Date "1984.12.09"]
[Round "2"]
[White "Eslon, Jaan"]
[Black "Hanreck, Alan E"]
[Result "1/2-1/2"]
[WhiteElo "2445"]
[BlackElo "2275"]
[PlyCount "68"]
[EventDate "1984.12.08"]
[EventType "swiss"]
[EventRounds "9"]
[EventCountry "ENG"]
[SourceTitle "BritBase"]
[Source "John Saunders"]
[SourceDate "2020.09.07"]
[SourceVersion "1"]
[SourceVersionDate "2020.09.07"]
[SourceQuality "2"]

1. d4 Nf6 2. Nf3 e6 3. c4 Bb4+ 4. Nc3 b6 5. Bg5 Bb7 6. Rc1 h6 7. Bxf6 Qxf6 8.
e3 O-O 9. Be2 d6 10. O-O Bxc3 11. Rxc3 Nd7 12. Nd2 c5 13. Bf3 cxd4 14. exd4
Bxf3 15. Nxf3 Rfc8 16. d5 e5 17. Nd2 Qf5 18. Qe2 Nf6 19. Re1 Rc7 20. Nf1 Rac8
21. Ne3 Qe4 22. a4 Nd7 23. Qd1 Qd4 24. Nf5 Qxd1 25. Rxd1 Nc5 26. Nxd6 Nxa4 27.
Rc2 Rd8 28. Nb5 Rcd7 29. f3 Kf8 30. Kf2 a6 31. Na3 Nc5 32. Re2 f6 33. Nc2 b5
34. cxb5 axb5 1/2-1/2

[Event "Regency Masters 6th"]
[Site "Ramsgate"]
[Date "1984.12.09"]
[Round "2"]
[White "Fuller, Maxwell L"]
[Black "Hebden, Mark L"]
[Result "1-0"]
[WhiteElo "2335"]
[BlackElo "2480"]
[PlyCount "107"]
[EventDate "1984.12.08"]
[EventType "swiss"]
[EventRounds "9"]
[EventCountry "ENG"]
[SourceTitle "BritBase"]
[Source "John Saunders"]
[SourceDate "2020.09.07"]
[SourceVersion "1"]
[SourceVersionDate "2020.09.07"]
[SourceQuality "2"]

1. d4 Nf6 2. c4 c5 3. e3 g6 4. dxc5 Na6 5. Nc3 Bg7 6. g3 O-O 7. Bg2 Nxc5 8.
Nge2 d6 9. O-O Bf5 10. b3 Rc8 11. Bd2 a6 12. Nd4 Bd3 13. Re1 e5 14. Nc2 b5 15.
cxb5 axb5 16. Nb4 e4 17. Nxd3 Nxd3 18. Nxb5 Nxe1 19. Bxe1 Qb6 20. a4 Nd5 21.
Rb1 Nc3 22. Bxc3 Bxc3 23. Qxd6 Qa5 24. Bxe4 Rfd8 25. Qf4 Bb4 26. Nd4 Rd6 27.
Qf3 Qc5 28. h4 Re8 29. Bc6 Re7 30. Bb5 Bc3 31. b4 Qc8 32. Ne2 Bd2 33. Nd4 Qc3
34. Qf4 Rd5 35. Qf6 Rxe3 36. fxe3 Bxe3+ 37. Kh2 Rxd4 38. Qc6 Qd2+ 39. Kh3 Kg7
40. a5 Bf2 41. Qf3 Qc2 42. Rf1 Rd2 43. Bc4 f6 44. Bb3 Qc8+ 45. Qg4 Qc3 46. Rxf2
Rd3 47. Rc2 f5 48. Qf4 Qxb3 49. Rc7+ Kf6 50. Qg5+ Ke5 51. Qe7+ Kd4 52. Qc5+ Ke4
53. Re7+ Kf3 54. Qg1 1-0

[Event "Regency Masters 6th"]
[Site "Ramsgate"]
[Date "1984.12.09"]
[Round "2"]
[White "Grooten, Herman"]
[Black "Robertson, M AUS.."]
[Result "1-0"]
[WhiteElo "2310"]
[BlackElo "2050"]
[PlyCount "61"]
[EventDate "1984.12.08"]
[EventType "swiss"]
[EventRounds "9"]
[EventCountry "ENG"]
[SourceTitle "BritBase"]
[Source "John Saunders"]
[SourceDate "2020.09.07"]
[SourceVersion "1"]
[SourceVersionDate "2020.09.07"]
[SourceQuality "2"]

1. d4 Nf6 2. Nf3 c5 3. d5 d6 4. c4 b5 5. cxb5 a6 6. e3 g6 7. Nc3 Bg7 8. a4 O-O
9. e4 axb5 10. Bxb5 Ba6 11. Bg5 Ne8 12. O-O Nc7 13. Qe2 h6 14. Bh4 g5 15. Bg3
Qd7 16. e5 Rd8 17. Rad1 f5 18. exf6 exf6 19. h4 g4 20. Nd2 f5 21. Bxa6 Rxa6 22.
Nc4 Qf7 23. Nb5 Ne8 24. f3 Qd7 25. b3 Nc7 26. fxg4 Nxb5 27. axb5 Qxb5 28. gxf5
Qd7 29. f6 Bf8 30. f7+ Kg7 31. Be1 1-0

[Event "Regency Masters 6th"]
[Site "Ramsgate"]
[Date "1984.12.09"]
[Round "2"]
[White "Hodgson, Julian M"]
[Black "Mednis, Edmar J"]
[Result "0-1"]
[WhiteElo "2450"]
[BlackElo "2460"]
[PlyCount "99"]
[EventDate "1984.12.08"]
[EventType "swiss"]
[EventRounds "9"]
[EventCountry "ENG"]
[SourceTitle "BritBase"]
[Source "John Saunders"]
[SourceDate "2020.09.07"]
[SourceVersion "1"]
[SourceVersionDate "2020.09.07"]
[SourceQuality "2"]

1. e4 e6 2. d4 d5 3. e5 c5 4. Nf3 Nc6 5. Bd3 cxd4 6. O-O Nge7 7. Bf4 Ng6 8. Bg3
f5 9. h4 h5 10. Be2 Be7 11. Nxd4 Bxh4 12. Bh2 Ngxe5 13. Bb5 Kf7 14. Bxc6 Nxc6
15. Nxc6 bxc6 16. Nd2 Ba6 17. Re1 Qb6 18. Qf3 Bf6 19. Qf4 Rae8 20. Nf3 c5 21.
Ne5+ Bxe5 22. Rxe5 Qxb2 23. Rae1 Qd4 24. Qf3 Bb5 25. Bf4 h4 26. R5e3 a6 27. Rd1
Qc4 28. Rde1 Qd4 29. Rd1 Qf6 30. Bd6 Qg5 31. Bxc5 Rc8 32. Bd6 Qg4 33. Qxg4 fxg4
34. c3 Rc4 35. Be5 Rhc8 36. Bd4 Ra4 {... score gets very confused at this
point but the following seems to happen...} 37. Re5 Rxa2 38. Rg5 Rg8 39. Re1
Re2 40. Rd1 Re4 41. Rh5 h3 42. gxh3 gxh3 43. Rxh3 Rg4+ 44. Kh2 Rg6 45. Re1 Rh6
46. Rxh6 gxh6 47. Re3 Rg5 48. Rh3 Kg6 49. Re3 Bd7 50. f4 {Bulletin (JS
comments)} 0-1

[Event "Regency Masters 6th"]
[Site "Ramsgate"]
[Date "1984.12.09"]
[Round "2"]
[White "Jagerflod, Kent"]
[Black "Knoppert, Erik GJ"]
[Result "0-1"]
[WhiteElo "1950"]
[BlackElo "2260"]
[PlyCount "34"]
[EventDate "1984.12.08"]
[EventType "swiss"]
[EventRounds "9"]
[EventCountry "ENG"]
[SourceTitle "BritBase"]
[Source "John Saunders"]
[SourceDate "2020.09.07"]
[SourceVersion "1"]
[SourceVersionDate "2020.09.07"]
[SourceQuality "2"]

1. b4 e5 2. b5 d5 3. e3 Bd6 4. Bb2 Nf6 5. d3 O-O 6. Nd2 Bf5 7. g3 Qd7 8. a4 a6
9. c4 dxc4 10. dxc4 Bb4 11. Ba3 Ba5 12. Bxf8 Ne4 13. Ra2 Nxd2 14. Rxd2 Kxf8 15.
Nf3 axb5 16. axb5 Be4 17. Bg2 Qd3 0-1

[Event "Regency Masters 6th"]
[Site "Ramsgate"]
[Date "1984.12.09"]
[Round "2"]
[White "Janssen, Han"]
[Black "Gillam, Simon R"]
[Result "1-0"]
[WhiteElo "2285"]
[BlackElo "2235"]
[PlyCount "81"]
[EventDate "1984.12.08"]
[EventType "swiss"]
[EventRounds "9"]
[EventCountry "ENG"]
[SourceTitle "BritBase"]
[Source "John Saunders"]
[SourceDate "2020.09.07"]
[SourceVersion "1"]
[SourceVersionDate "2020.09.07"]
[SourceQuality "2"]

1. e4 e5 2. Nf3 f5 3. d4 fxe4 4. Nxe5 Nf6 5. Bc4 d5 6. Bb3 Be6 7. O-O Nbd7 8.
c4 Bd6 9. cxd5 Bxd5 10. Bxd5 Nxd5 11. Qg4 Bxe5 12. dxe5 Qe7 13. Qxe4 c6 14. f4
O-O-O 15. Nc3 Qc5+ 16. Kh1 Nxc3 17. bxc3 Qxc3 18. Be3 Nb6 19. Rab1 Qd3 20. Qxd3
Rxd3 21. Bxb6 axb6 22. Rxb6 Rf8 23. g3 Rd2 24. Rfb1 Rf7 25. R6b2 Rfd7 26. e6
Rd1+ 27. Rxd1 Rxd1+ 28. Kg2 b5 29. f5 Rd5 30. g4 Kd8 31. Kf3 Ke7 32. a4 h5 33.
h3 Rd3+ 34. Ke4 Rxh3 35. axb5 cxb5 36. Rxb5 hxg4 37. Rb7+ Kf8 38. Rb8+ Ke7 39.
Rg8 Rh7 40. Kf4 g3 41. Kxg3 1-0

[Event "Regency Masters 6th"]
[Site "Ramsgate"]
[Date "1984.12.09"]
[Round "2"]
[White "Kosten, Anthony C"]
[Black "Dunnington, Angus J"]
[Result "1/2-1/2"]
[WhiteElo "2420"]
[BlackElo "2325"]
[PlyCount "56"]
[EventDate "1984.12.08"]
[EventType "swiss"]
[EventRounds "9"]
[EventCountry "ENG"]
[SourceTitle "BritBase"]
[Source "John Saunders"]
[SourceDate "2020.09.07"]
[SourceVersion "1"]
[SourceVersionDate "2020.09.07"]
[SourceQuality "2"]

1. e4 e6 2. d4 d5 3. Nc3 Bb4 4. e5 c5 5. a3 Bxc3+ 6. bxc3 Ne7 7. Nf3 Bd7 8.
dxc5 Ba4 9. Rb1 Nd7 10. Rb4 Qa5 11. Nd4 Nc6 12. Nxc6 Bxc6 13. Qd4 Qxc5 14. Bd3
Qxd4 15. cxd4 O-O 16. h4 a5 17. Rb3 Rfb8 18. f4 b5 19. c3 Nb6 20. Rb2 Nc4 21.
Rf2 b4 22. cxb4 axb4 23. axb4 Rxb4 24. f5 Ne3 25. fxe6 fxe6 26. Ke2 Nf5 27.
Bxf5 exf5 28. Be3 Rf8 1/2-1/2

[Event "Regency Masters 6th"]
[Site "Ramsgate"]
[Date "1984.12.09"]
[Round "2"]
[White "Kuijf, Marinus"]
[Black "Halpin, Patrick"]
[Result "1-0"]
[WhiteElo "2335"]
[BlackElo "2200"]
[PlyCount "55"]
[EventDate "1984.12.08"]
[EventType "swiss"]
[EventRounds "9"]
[EventCountry "ENG"]
[SourceTitle "BritBase"]
[Source "John Saunders"]
[SourceDate "2020.09.07"]
[SourceVersion "1"]
[SourceVersionDate "2020.09.07"]
[SourceQuality "2"]

1. e4 e5 2. Nf3 d6 3. Bc4 Nc6 4. c3 g6 5. d4 Qe7 6. O-O Bg7 7. dxe5 dxe5 8. b4
Bg4 9. b5 Nd8 10. h3 Be6 11. Nbd2 Nf6 12. Qa4 Nd7 13. b6 c6 14. Rb1 a6 15. Ba3
Qf6 16. Bxe6 Nxe6 17. Nc4 Bf8 18. Rfd1 Rd8 19. Nd6+ Bxd6 20. Bxd6 Nf4 21. Kh2
g5 22. Qa5 Ng6 23. Bc7 Rc8 24. Rxd7 Kxd7 25. Nxe5+ Nxe5 26. Bxe5 Qxf2 27. Rd1+
Ke6 28. Bg3 1-0

[Event "Regency Masters 6th"]
[Site "Ramsgate"]
[Date "1984.12.09"]
[Round "2"]
[White "Lengyel, Levente"]
[Black "Gil Capape, Javier"]
[Result "1-0"]
[WhiteElo "2400"]
[BlackElo "2175"]
[PlyCount "38"]
[EventDate "1984.12.08"]
[EventType "swiss"]
[EventRounds "9"]
[EventCountry "ENG"]
[SourceTitle "BritBase"]
[Source "John Saunders"]
[SourceDate "2020.09.07"]
[SourceVersion "1"]
[SourceVersionDate "2020.09.07"]
[SourceQuality "2"]

1. Nf3 d5 2. g3 Nc6 3. d4 Bg4 4. Bg2 Nf6 5. Ne5 Nxe5 6. dxe5 Nd7 7. Qxd5 e6 8.
Qd4 Bf5 9. Bxb7 Bc5 10. Qc4 O-O 11. O-O Rb8 12. Bg2 Qe7 13. Qc3 Bb4 14. Qxc7
Rfc8 15. Qxa7 Bc5 16. Qa6 Qe8 17. e3 Nxe5 18. Nd2 Rb6 19. Qa5 Rd6 {Bulletin
now gives "(45)" indicating 45 moves played} 1-0

[Event "Regency Masters 6th"]
[Site "Ramsgate"]
[Date "1984.12.09"]
[Round "2"]
[White "Menadue, Jeremy FS"]
[Black "De Boer, Gert Jan"]
[Result "0-1"]
[WhiteElo "2050"]
[BlackElo "2335"]
[PlyCount "74"]
[EventDate "1984.12.08"]
[EventType "swiss"]
[EventRounds "9"]
[EventCountry "ENG"]
[SourceTitle "BritBase"]
[Source "John Saunders"]
[SourceDate "2020.09.07"]
[SourceVersion "1"]
[SourceVersionDate "2020.09.07"]
[SourceQuality "2"]

1. d4 Nf6 2. c4 e6 3. Nc3 Bb4 4. g3 d5 5. Bg2 O-O 6. Nf3 Nc6 7. cxd5 exd5 8.
O-O Re8 9. Bg5 Bxc3 10. bxc3 h6 11. Bf4 Bf5 12. Rc1 Be4 13. h3 Qd7 14. g4 Rad8
15. Qd2 Qe7 16. Qb2 b6 17. Rfd1 Bxf3 18. Bxf3 Na5 19. Qb5 c6 20. Qa4 Ne4 21.
Rc2 Qh4 22. e3 Qxh3 23. Bg2 Qxg4 24. f3 Qh5 25. Rf1 Ng5 26. Qa3 Qg6 27. Bxg5
Qxg5 28. e4 dxe4 29. fxe4 Rxe4 30. Rcf2 f6 31. Qb2 Rde8 32. a4 Kh8 33. Qa2 Re1
34. Qf7 Rxf1+ 35. Rxf1 Re2 36. Qf8+ Kh7 37. Rf2 Qe3 0-1

[Event "Regency Masters 6th"]
[Site "Ramsgate"]
[Date "1984.12.09"]
[Round "2"]
[White "Nicholson, John G"]
[Black "Hebert, Jean"]
[Result "1/2-1/2"]
[WhiteElo "2295"]
[BlackElo "2395"]
[PlyCount "52"]
[EventDate "1984.12.08"]
[EventType "swiss"]
[EventRounds "9"]
[EventCountry "ENG"]
[SourceTitle "BritBase"]
[Source "John Saunders"]
[SourceDate "2020.09.07"]
[SourceVersion "1"]
[SourceVersionDate "2020.09.07"]
[SourceQuality "2"]

1. e4 c5 2. Nf3 e6 3. d4 cxd4 4. Nxd4 Nc6 5. Nc3 a6 6. f4 Qc7 7. Be2 b5 8. Nxc6
Qxc6 9. Bf3 Bb7 10. e5 Qc7 11. Ne4 Rc8 12. c3 Nh6 13. Be3 Nf5 14. Bf2 Be7 15.
O-O O-O 16. Qe1 Bd5 17. g4 Nh6 18. Bd4 Bxe4 19. Qxe4 f5 20. exf6 Bxf6 21. Be2
Qc6 22. Qd3 Bxd4+ 23. Qxd4 Qc5 24. Rad1 Rf7 25. Qxc5 Rxc5 26. Rd4 d5 1/2-1/2

[Event "Regency Masters 6th"]
[Site "Ramsgate"]
[Date "1984.12.09"]
[Round "2"]
[White "Peelen, Piet"]
[Black "Hartoch, Robert"]
[Result "1/2-1/2"]
[WhiteElo "2240"]
[BlackElo "2365"]
[PlyCount "69"]
[EventDate "1984.12.08"]
[EventType "swiss"]
[EventRounds "9"]
[EventCountry "ENG"]
[SourceTitle "BritBase"]
[Source "John Saunders"]
[SourceDate "2020.09.07"]
[SourceVersion "1"]
[SourceVersionDate "2020.09.07"]
[SourceQuality "2"]

1. Nf3 Nf6 2. c4 c5 3. Nc3 g6 4. g3 Bg7 5. Bg2 O-O 6. O-O Nc6 7. a3 d5 8. cxd5
Nxd5 9. Nxd5 Qxd5 10. d3 b6 11. d4 Bb7 12. Ne5 Qd6 13. Nxc6 Bxc6 14. Bf4 Qf6
15. Be5 Qe6 16. Bxg7 Bxg2 17. Bxf8 Bxf1 18. Qxf1 Rxf8 19. dxc5 bxc5 20. e3 Rb8
21. Qe2 Qb3 22. Rc1 Qxb2 23. Qxb2 Rxb2 24. Rxc5 Rb6 25. Ra5 a6 26. g4 f6 27. h4
Kf7 28. Kg2 Ke6 29. h5 gxh5 30. Rxh5 Rb5 31. Rxh7 Ra5 32. Rh8 Rxa3 33. Ra8 Ra2
34. Kf3 a5 35. Ke4 1/2-1/2

[Event "Regency Masters 6th"]
[Site "Ramsgate"]
[Date "1984.12.09"]
[Round "2"]
[White "Povah, Nigel Edward"]
[Black "O'Leary, Matt"]
[Result "1-0"]
[WhiteElo "2355"]
[BlackElo "2100"]
[PlyCount "49"]
[EventDate "1984.12.08"]
[EventType "swiss"]
[EventRounds "9"]
[EventCountry "ENG"]
[SourceTitle "BritBase"]
[Source "John Saunders"]
[SourceDate "2020.09.07"]
[SourceVersion "1"]
[SourceVersionDate "2020.09.07"]
[SourceQuality "2"]

1. d4 Nf6 2. c4 e6 3. Nf3 Be7 4. Nc3 O-O 5. e4 d5 6. e5 Ne4 7. Bd3 c5 8. Nxe4
dxe4 9. Bxe4 cxd4 10. Qxd4 Qxd4 11. Nxd4 Bb4+ 12. Ke2 f5 13. exf6 gxf6 14. Nb5
Na6 15. Bh6 Re8 16. Rhd1 f5 17. Bf3 e5 18. b3 Ba5 19. Bd5+ Kh8 20. Nd6 Re7 21.
Bg5 Re6 22. Nxc8 Rg6 23. Bxb7 Rb8 24. Bxa6 Rxa6 25. Rd6 1-0

[Event "Regency Masters 6th"]
[Site "Ramsgate"]
[Date "1984.12.09"]
[Round "2"]
[White "Ravikumar, Vaidyanathan"]
[Black "Blees, Albert"]
[Result "1-0"]
[WhiteElo "2385"]
[BlackElo "2275"]
[PlyCount "73"]
[EventDate "1984.12.08"]
[EventType "swiss"]
[EventRounds "9"]
[EventCountry "ENG"]
[SourceTitle "BritBase"]
[Source "John Saunders"]
[SourceDate "2020.09.07"]
[SourceVersion "1"]
[SourceVersionDate "2020.09.07"]
[SourceQuality "2"]

1. d4 e6 2. c4 Nf6 3. Nc3 Bb4 4. e3 O-O 5. Bd3 d5 6. a3 dxc4 7. Bxc4 Be7 8. Nf3
c5 9. O-O cxd4 10. exd4 Nc6 11. Re1 b6 12. Ba2 Bb7 13. Qd3 Qd6 14. Bg5 Rad8 15.
Rad1 Rfe8 16. Qe2 Qb8 17. h3 Nh5 18. Be3 Nf6 19. Qc2 Rd7 20. Ng5 Nd8 21. d5
exd5 22. Bd4 Ne4 23. Ngxe4 dxe4 24. Nxe4 Nc6 25. Bc3 Rxd1 26. Qxd1 Qf4 27. Qd7
Rb8 28. Ng3 Qd6 29. Qg4 Qg6 30. Qe2 Bf8 31. Bb1 Qh6 32. Nf5 Qg5 33. h4 Qf4 34.
g3 Qc7 35. Nh6+ Kh8 36. Qe4 f5 37. Qxf5 {Time} 1-0

[Event "Regency Masters 6th"]
[Site "Ramsgate"]
[Date "1984.12.09"]
[Round "2"]
[White "Renet, Olivier"]
[Black "Forintos, Gyozo V"]
[Result "0-1"]
[WhiteElo "2250"]
[BlackElo "2425"]
[PlyCount "87"]
[EventDate "1984.12.08"]
[EventType "swiss"]
[EventRounds "9"]
[EventCountry "ENG"]
[SourceTitle "BritBase"]
[Source "John Saunders"]
[SourceDate "2020.09.07"]
[SourceVersion "1"]
[SourceVersionDate "2020.09.07"]
[SourceQuality "2"]

1. e4 c5 2. Nf3 e6 3. d4 cxd4 4. Nxd4 a6 5. Bd3 Ne7 6. Nc3 Nbc6 7. Nxc6 Nxc6 8.
Be3 b5 9. O-O Be7 10. f4 d6 11. Qe2 O-O 12. Rad1 Qa5 13. a3 b4 14. Nb1 Bf6 15.
e5 dxe5 16. Be4 Qc7 17. Qc4 Bb7 18. f5 Rac8 19. fxe6 Nd4 20. Qxc7 Rxc7 21.
exf7+ Rfxf7 22. Bxb7 Rxb7 23. Rf2 bxa3 24. bxa3 Rfc7 25. c3 Nb5 26. Rb2 Rc4 27.
Bd2 Rbc7 28. Rc1 R7c6 29. Rb4 Nd6 30. Kf1 Kf7 31. Ke2 a5 32. Rxc4 Rxc4 33. Rd1
Ke6 34. Be1 Rg4 35. Kf3 Ra4 36. Bf2 Nb5 37. Bc5 Rc4 38. Be3 Be7 39. Nd2 Rxc3
40. Rb1 Nxa3 41. Rb6+ Kd5 42. Rb7 Bc5 43. Rb3 Rxe3+ 44. Rxe3 0-1

[Event "Regency Masters 6th"]
[Site "Ramsgate"]
[Date "1984.12.09"]
[Round "2"]
[White "Shamkovich, Leonid"]
[Black "Martin, Andrew D"]
[Result "0-1"]
[WhiteElo "2455"]
[BlackElo "2445"]
[PlyCount "96"]
[EventDate "1984.12.08"]
[EventType "swiss"]
[EventRounds "9"]
[EventCountry "ENG"]
[SourceTitle "BritBase"]
[Source "John Saunders"]
[SourceDate "2020.09.07"]
[SourceVersion "1"]
[SourceVersionDate "2020.09.07"]
[SourceQuality "2"]

1. c4 e6 2. Nc3 d5 3. d4 c6 4. Nf3 dxc4 5. e3 b5 6. a4 Bb4 7. Bd2 a5 8. Ne5 Nf6
9. Qf3 Ra7 10. Be2 O-O 11. O-O Bxc3 12. bxc3 Qd5 13. Qxd5 exd5 14. axb5 cxb5
15. Rfb1 Ne4 16. Rxb5 Nxd2 17. Rxb8 Nb3 18. Ra4 Bd7 19. Nxd7 Rxd7 20. Rb5 Rfd8
21. Bd1 Nd2 22. f3 Re7 23. Kf2 Rde8 24. Rxd5 Rxe3 25. Rd8 Kf8 26. Rxe8+ Rxe8
27. Bc2 Rb8 28. Ke3 Nf1+ 29. Kf4 Rb5 30. h4 h6 31. h5 Rxh5 32. Rxc4 g5+ 33. Ke5
Ne3 34. Rc8+ Kg7 35. g4 Rh1 36. Be4 a4 37. d5 Rd1 38. Kd6 h5 39. Ra8 h4 40.
Rxa4 h3 41. f4 h2 42. Rd4 Re1 43. Kc7 Nxg4 44. Bg2 Ne3 45. Bf3 g4 46. d6 gxf3
47. d7 h1=Q 48. d8=Q Qh5 0-1

[Event "Regency Masters 6th"]
[Site "Ramsgate"]
[Date "1984.12.09"]
[Round "2"]
[White "Singh, PK.."]
[Black "Wright, Josie H"]
[Result "1-0"]
[WhiteElo "2260"]
[BlackElo "1900"]
[PlyCount "73"]
[EventDate "1984.12.08"]
[EventType "swiss"]
[EventRounds "9"]
[EventCountry "ENG"]
[SourceTitle "BritBase"]
[Source "John Saunders"]
[SourceDate "2020.09.07"]
[SourceVersion "1"]
[SourceVersionDate "2020.09.07"]
[SourceQuality "2"]

1. e4 d6 2. d4 Nf6 3. Nc3 g6 4. f4 Bg7 5. Nf3 O-O 6. Bd3 Nc6 7. O-O Nb4 8. e5
dxe5 9. fxe5 Nfd5 10. Bc4 Nxc3 11. bxc3 Nd5 12. Bd2 c6 13. Bd3 Nc7 14. c4 Bg4
15. c3 Bxe5 16. h3 Bxf3 17. Qxf3 Bg7 18. Rab1 Qc8 19. Bg5 f6 20. Bc1 Rb8 21.
Ba3 Qd7 22. h4 Rfd8 23. Rbe1 e5 24. h5 f5 25. hxg6 hxg6 26. Qg3 Kf7 27. Bc2 Qe6
28. Bb3 Re8 29. Bd6 Qd7 30. Bxc7 Qxc7 31. c5+ Kf6 32. Qh4+ g5 33. Rxf5+ Kxf5
34. Rf1+ Kg6 35. Qe4+ Kh6 36. Bc2 Kh5 37. Qg6+ 1-0

[Event "Regency Masters 6th"]
[Site "Ramsgate"]
[Date "1984.12.09"]
[Round "2"]
[White "Solomon, Stephen J"]
[Black "Delanoy, Arnaud"]
[Result "1-0"]
[WhiteElo "2250"]
[BlackElo "2000"]
[PlyCount "43"]
[EventDate "1984.12.08"]
[EventType "swiss"]
[EventRounds "9"]
[EventCountry "ENG"]
[SourceTitle "BritBase"]
[Source "John Saunders"]
[SourceDate "2020.09.07"]
[SourceVersion "1"]
[SourceVersionDate "2020.09.07"]
[SourceQuality "2"]

1. e4 e5 2. Nf3 Nc6 3. Bb5 f5 4. Nc3 Nd4 5. Bc4 c6 6. Nxe5 Nf6 7. Nf7 Qc7 8.
Nxh8 d5 9. Be2 fxe4 10. d3 Be6 11. dxe4 Nxe2 12. Qxe2 O-O-O 13. exd5 Bg4 14.
Qc4 b5 15. Qxc6 Qxc6 16. dxc6 Bb4 17. O-O Rxh8 18. a4 bxa4 19. Rxa4 a5 20. Na2
Be2 21. Nxb4 Bxf1 22. Rxa5 1-0